[Event "ICS rated blitz match"]
[Site "204.178.125.65"]
[Date "2000.08.12"]
[Round "?"]
[White "QueenMaxima"]
[Black "Hossa"]
[Result "0-1"]
[WhiteElo "2594"]
[BlackElo "2518"]
[PlyCount "214"]
[EventDate "2000.??.??"]

1. d4 f5 2. c4 Nf6 3. g3 d6 4. Nf3 e6 5. Bg2 Be7 6. O-O O-O 7. Nc3 Nc6 8. d5
exd5 9. cxd5 Ne5 10. Nd4 Bd7 11. Ne6 Bxe6 12. dxe6 Qc8 13. Qb3 c6 14. Bf4 Ng6
15. Rac1 Nxf4 16. gxf4 Re8 17. Bh3 g6 18. Rfd1 d5 19. Nxd5 Nxd5 20. Rxd5 Qxe6
21. Rd3 Qxb3 22. Rxb3 Rab8 23. Rd1 Red8 24. Rxd8+ Bxd8 25. e3 Bb6 26. Rd3 Rd8
27. Bf1 Rxd3 28. Bxd3 Bd8 29. Bc4+ Kf8 30. Kg2 Bf6 31. b3 Ke7 32. Kg3 h6 33. a4
Bc3 34. Kf3 Be1 35. Ke2 Bb4 36. f3 Bc5 37. Bd3 Bd6 38. h4 a5 39. h5 Kf6 40.
hxg6 Kxg6 41. Bc4 h5 42. Be6 Kf6 43. Bc8 b6 44. Bd7 h4 45. Bxc6 h3 46. Kf1 Bc5
47. e4 Be3 48. exf5 Bxf4 49. Bd7 h2 50. Kg2 Kf7 51. Kh1 Ke7 52. Be6 Be5 53. Bg8
Bc7 54. Bd5 Kf6 55. Be6 Bf4 56. Bc8 Be5 57. Bd7 Bb8 58. Kg2 Bf4 59. Be6 Bd6 60.
Kh1 Ke7 61. Bd5 Bg3 62. Bc4 Bb8 63. Bb5 Bf4 64. Bc4 Kf6 65. Be6 Bg3 66. Bd7 Be5
67. Bc8 Kf7 68. Bb7 Ke7 69. Bc6 Kf8 70. Kg2 Bg3 71. Bd5 Ke7 72. Bg8 Bb8 73. Be6
Bd6 74. Bc4 Kf6 75. Be6 Be5 76. Bd7 Ke7 77. Bc6 Bd6 78. Kh1 Kf6 79. Bd7 Bg3 80.
Be6 Bb8 81. Kg2 Bg3 82. Kh1 Bd6 83. Bc8 Kg5 84. Bd7 Be5 85. Be6 Bf4 86. Kg2 Bd6
87. Bd7 Bf4 88. Kh1 Bg3 89. Be6 Be5 90. Bd7 Bf4 91. Kg2 Be5 92. Kh1 Kh6 93. Be8
Kg7 94. Bg6 Kf6 95. Kg2 Bf4 96. Kh1 Ke5 97. Kg2 Bg3 98. Kh1 Kf6 99. Bf7 Kxf7
100. f6 Kg6 101. f7 Kxf7 102. Kg2 Kf6 103. Kh1 Kf5 104. f4 Kxf4 105. Kg2 Kg4
106. Kf1 Kf3 107. b4 h1=Q# 0-1

[Event "ICS rated standard match"]
[Site "204.178.125.65"]
[Date "2000.08.12"]
[Round "?"]
[White "Falke"]
[Black "Hossa"]
[Result "1-0"]
[WhiteElo "2377"]
[BlackElo "2361"]
[PlyCount "139"]
[EventDate "2000.??.??"]

1. d4 f5 2. Nf3 Nf6 3. g3 e6 4. Bg2 Nc6 5. O-O Be7 6. c4 O-O 7. d5 Nb4 8. Nc3
Ne4 9. Nxe4 fxe4 10. Ne1 exd5 11. a3 Na6 12. Qxd5+ Kh8 13. Bxe4 Nc5 14. Bc2 Qe8
15. b4 c6 16. Qg2 Ne6 17. Qh3 h5 18. Qg2 Nd4 19. Bd3 d6 20. Bb2 Bf6 21. e3 Ne2+
22. Bxe2 Bxb2 23. Ra2 Bc3 24. Rc2 Bf6 25. Rd2 Be7 26. Nd3 Bf5 27. Nf4 Qf7 28.
Nxh5 Rac8 29. g4 Bh7 30. Qh3 Kg8 31. Rd4 Qe6 32. Rfd1 Be4 33. Nf4 Qe5 34. Rxe4
Qxe4 35. Bd3 Rxf4 36. Bxe4 Rxe4 37. g5 Rd8 38. g6 Bf6 39. Kh1 Kf8 40. Qf5 Re5
41. Qf4 Ke7 42. Qd4 Rd5 43. Qe4+ Re5 44. Qd3 Rh5 45. Qe4+ Re5 46. Qd3 Rh5 47.
b5 d5 48. bxc6 bxc6 49. cxd5 Rdxd5 50. Qe4+ Kd7 51. Rc1 Rh4 52. Qc2 c5 53. Qb3
Kc6 54. Rb1 Rd2 55. Qe6+ Kc7 56. Qa6 Rb2 57. Qxa7+ Kc6 58. Rd1 Kb5 59. Qd7+ Ka5
60. Rd6 Rb1+ 61. Kg2 Rxh2+ 62. Kf3 Rh3+ 63. Ke4 Rh4+ 64. f4 Rxf4+ 65. exf4 Re1+
66. Kf5 Re5+ 67. fxe5 c4 68. Qa7+ Kb5 69. Qa6+ Kc5 70. Qb6# {Hossa checkmated}
1-0

[Event "ICS rated standard match"]
[Site "204.178.125.65"]
[Date "2000.08.12"]
[Round "?"]
[White "chess-bomber"]
[Black "Hossa"]
[Result "0-1"]
[WhiteElo "2087"]
[BlackElo "2354"]
[PlyCount "74"]
[EventDate "2000.??.??"]

1. g3 d5 2. Bg2 e5 3. d3 Nc6 4. c3 Nf6 5. Nd2 Bd7 6. h3 Be7 7. Qc2 O-O 8. Ngf3
Bf5 9. e4 dxe4 10. dxe4 Be6 11. O-O Qc8 12. Kh2 Qd7 13. b4 a6 14. Bb2 Ne8 15.
a3 Nd6 16. c4 Bf6 17. Rfd1 Qc8 18. c5 Nb5 19. Nc4 Nbd4 20. Nxd4 exd4 21. f4 d3
22. Rxd3 Bxc4 23. Qxc4 Bxb2 24. Ra2 Bf6 25. e5 Be7 26. Rad2 Qe6 27. Qxe6 fxe6
28. Rd7 Rad8 29. h4 g6 30. Kg1 a5 31. Bxc6 bxc6 32. Kf2 axb4 33. axb4 Kf7 34.
Ke3 Rxd7 35. Rxd7 Rb8 36. Rxc7 Rxb4 37. Rxc6 Rb3+ 0-1

[Event "ICS rated standard match"]
[Site "204.178.125.65"]
[Date "2000.08.12"]
[Round "?"]
[White "Hossa"]
[Black "chess-bomber"]
[Result "1-0"]
[WhiteElo "2360"]
[BlackElo "2081"]
[PlyCount "43"]
[EventDate "2000.??.??"]

1. d4 Nf6 2. c4 c5 3. d5 e6 4. Nc3 exd5 5. cxd5 d6 6. e4 g6 7. f4 Bg7 8. Bb5+
Nfd7 9. a4 O-O 10. Nf3 Na6 11. O-O Nb4 12. Be3 a6 13. Bc4 Nb6 14. Bb3 c4 15.
Bd4 Bg4 16. Bxg7 Kxg7 17. Qd4+ f6 18. a5 cxb3 19. Qxb4 Nc8 20. Nd4 Qc7 21. f5
Kf7 22. Ne6 1-0

[Event "ICS rated standard match"]
[Site "204.178.125.65"]
[Date "2000.08.12"]
[Round "?"]
[White "chess-bomber"]
[Black "Hossa"]
[Result "0-1"]
[WhiteElo "2076"]
[BlackElo "2365"]
[PlyCount "41"]
[EventDate "2000.??.??"]

1. g3 d5 2. Bg2 e5 3. d3 Nc6 4. c3 Nf6 5. Nd2 Bd7 6. Qc2 Bd6 7. h3 O-O 8. Ngf3
a6 9. O-O Qc8 10. Kh2 Rd8 11. a3 Be6 12. b4 Bf5 13. e4 dxe4 14. dxe4 Bd7 15.
Bb2 b6 16. c4 Rb8 17. c5 bxc5 18. bxc5 Bxc5 19. Nxe5 Rxb2 20. Qxc5 Nxe5 21.
Rfd1 0-1

[Event "ICS rated standard match"]
[Site "204.178.125.65"]
[Date "2000.08.12"]
[Round "?"]
[White "Hossa"]
[Black "chess-bomber"]
[Result "1-0"]
[WhiteElo "2370"]
[BlackElo "2071"]
[PlyCount "87"]
[EventDate "2000.??.??"]

1. d4 Nf6 2. c4 c5 3. d5 e6 4. Nc3 exd5 5. cxd5 d6 6. e4 g6 7. f4 Bg7 8. Bb5+
Nfd7 9. a4 O-O 10. Nf3 Na6 11. O-O Nb4 12. Be3 a6 13. Bc4 Nb6 14. Bb3 Re8 15.
a5 Nd7 16. e5 Qc7 17. Ba4 Re7 18. Ne4 b5 19. exd6 Rxe4 20. dxc7 Rxe3 21. Ra3
Re8 22. Bc2 Bxb2 23. Rb3 Bf6 24. d6 Bb7 25. Ne5 Bxe5 26. fxe5 Rxe5 27. Rxb4
cxb4 28. Bb3 Rf8 29. Qg4 Bc8 30. Qxb4 Kg7 31. Qd2 f6 32. Bd5 Rfe8 33. Bf3 Re3
34. g4 R8e5 35. Kf2 Ra3 36. Bc6 Ra4 37. Bxd7 Bxd7 38. c8=R Bxc8 39. d7 Bxd7 40.
Qxd7+ Kh6 41. Qd2+ Kg7 42. h3 b4 43. Qd7+ Kh6 44. Qxa4 1-0

[Event "ICS rated standard match"]
[Site "204.178.125.65"]
[Date "2000.08.12"]
[Round "?"]
[White "chess-bomber"]
[Black "Hossa"]
[Result "0-1"]
[WhiteElo "2066"]
[BlackElo "2375"]
[PlyCount "160"]
[EventDate "2000.??.??"]

1. g3 d5 2. Bg2 e5 3. d3 Nc6 4. c3 Nf6 5. Nd2 Bd7 6. Qc2 Bd6 7. h3 O-O 8. Ngf3
a6 9. O-O Qc8 10. Kh2 Rd8 11. b4 Bf5 12. e4 dxe4 13. dxe4 Bg6 14. Bb2 a5 15. b5
Nb8 16. c4 Nbd7 17. Rac1 a4 18. a3 Bh5 19. Rfe1 b6 20. Nh4 Nc5 21. Nf5 Qe6 22.
g4 Bg6 23. Nf1 Nb3 24. Rcd1 Nd4 25. Bxd4 exd4+ 26. Kg1 Be5 27. Rd3 Bxf5 28.
gxf5 Qd6 29. Red1 Nh5 30. Ne3 Nf4 31. Nd5 Nxd3 32. Rxd3 f6 33. Qd2 Qf8 34. f4
Bd6 35. Qb2 Ra7 36. Kf2 Bc5 37. h4 Qf7 38. Bf3 Raa8 39. Ke2 Re8 40. Kd2 Ra7 41.
Kc2 Rd8 42. Qc1 Rd7 43. Kb2 Qe8 44. h5 Qf7 45. Qg1 Kh8 46. Qg4 Rd8 47. Qh4 Rg8
48. Be2 h6 49. Rg3 Re8 50. Bd3 Qf8 51. Bc2 d3 52. Rxd3 Rxe4 53. Qg3 Rxc4 54.
Rc3 Bd4 55. Qd3 Qc5 56. Qe2 Qxd5 57. Qe8+ Qg8 58. Qe6 Rxc3 59. Kb1 Re3 60.
Qxg8+ Kxg8 61. Kc1 Ra5 62. Kd2 Rxa3 63. Bd3 Rxd3+ 64. Kxd3 Bg1 65. Kc4 Ra8 66.
Kc3 Rc8 67. Kb2 Rd8 68. Ka3 Rd2 69. Kxa4 Rb2 70. Ka3 Rb1 71. Ka4 Kf8 72. Ka3
Bc5+ 73. Ka2 Rxb5 74. Ka1 Ke7 75. Ka2 Kd6 76. Ka1 Kd5 77. Ka2 Kc4 78. Ka1 Kc3
79. Ka2 Kc2 80. Ka1 Ra5# 0-1

[Event "ICS rated standard match"]
[Site "204.178.125.65"]
[Date "2000.08.12"]
[Round "?"]
[White "Hossa"]
[Black "chess-bomber"]
[Result "1-0"]
[WhiteElo "2380"]
[BlackElo "2059"]
[PlyCount "38"]
[EventDate "2000.??.??"]

1. d4 Nf6 2. c4 c5 3. d5 e6 4. Nc3 exd5 5. cxd5 d6 6. e4 g6 7. f4 Bg7 8. Bb5+
Nfd7 9. a4 Na6 10. Nf3 O-O 11. Bxa6 bxa6 12. O-O Rb8 13. Kh1 Rb4 14. e5 dxe5
15. fxe5 Nxe5 16. Bg5 Qb6 17. Be7 Re8 18. a5 Qc7 19. d6 Rxe7 1-0

[Event "ICS rated standard match"]
[Site "204.178.125.65"]
[Date "2000.08.12"]
[Round "?"]
[White "repar"]
[Black "Hossa"]
[Result "0-1"]
[WhiteElo "2100"]
[BlackElo "2384"]
[PlyCount "83"]
[EventDate "2000.??.??"]

1. Nf3 e6 2. c4 d5 3. b3 d4 4. Bb2 Nc6 5. e3 d3 6. Nc3 Nb4 7. Rc1 Nf6 8. a3
Nc2+ 9. Rxc2 dxc2 10. Qxc2 Be7 11. d4 Bd7 12. Bd3 c5 13. d5 O-O 14. O-O Qc7 15.
e4 exd5 16. exd5 Qd6 17. Ne4 Nxe4 18. Bxe4 f5 19. Be5 Qa6 20. d6 fxe4 21. dxe7
exf3 22. exf8=Q+ Rxf8 23. Bb2 fxg2 24. Re1 Qd6 25. Qc3 Rf7 26. Qe3 Bc6 27. Be5
Qf8 28. Bg3 b6 29. h4 Qd8 30. Qe6 Qd2 31. Qc8+ Rf8 32. Qe6+ Kh8 33. h5 h6 34.
Qe5 Rf5 35. Qe3 Rxh5 36. Bh2 Qc2 37. Qe6 Rxh2 38. Kxh2 Qxf2 39. Rg1 Qf4+ 40.
Kh3 Be4 41. Qe8+ Kh7 42. Rxg2 {repar resigns} 0-1

[Event "ICS Rated standard match"]
[Site "204.178.125.65"]
[Date "2000.08.12"]
[Round "?"]
[White "sriram25"]
[Black "Hossa"]
[Result "0-1"]
[WhiteElo "2000"]
[BlackElo "2384"]
[PlyCount "50"]
[EventDate "2000.??.??"]

1. e4 Nf6 2. e5 Nd5 3. d4 d6 4. c4 Nb6 5. Nf3 Nc6 6. exd6 exd6 7. Nc3 Bg4 8.
Be3 Be7 9. Be2 d5 10. c5 Nc4 11. Bxc4 dxc4 12. Qa4 O-O 13. Qxc4 a5 14. h3 Bh5
15. g4 Bg6 16. a3 Re8 17. h4 Bf6 18. h5 Bc2 19. Rc1 Be4 20. Nxe4 Rxe4 21. Qd3
Qd5 22. g5 Nxd4 23. gxf6 Nxf3+ 24. Ke2 Nd4+ 25. Kf1 Rxe3 {sriram25 resigns} 0-1

[Event "ICS rated standard match"]
[Site "204.178.125.65"]
[Date "2000.08.12"]
[Round "?"]
[White "Hossa"]
[Black "Youngwife"]
[Result "1-0"]
[WhiteElo "2384"]
[BlackElo "2290"]
[PlyCount "87"]
[EventDate "2000.??.??"]

1. d4 d6 2. Nf3 Nf6 3. e3 Nbd7 4. Bd3 e5 5. Nc3 Be7 6. O-O O-O 7. dxe5 Nxe5 8.
Nxe5 dxe5 9. Qe2 c6 10. f4 Bg4 11. Qf2 Qc7 12. Qh4 h6 13. fxe5 Qxe5 14. Ne4
Nxe4 15. Qxg4 f5 16. Qg6 Rf6 17. Bc4+ Kh8 18. Qh5 Raf8 19. a3 b5 20. Bb3 c5 21.
Ba2 c4 22. a4 a6 23. axb5 axb5 24. Kh1 Qc7 25. Bb1 b4 26. Ra2 c3 27. Ra1 Qe5
28. bxc3 Nxc3 29. Qf3 Ne4 30. Ra2 Bd6 31. g3 Nc3 32. Bb2 Qe4 33. Bxc3 bxc3 34.
Ra7 Qxf3+ 35. Rxf3 Bc5 36. Rc7 Bb6 37. Rxc3 Rd6 38. Rb3 Rd1+ 39. Kg2 Rd2+ 40.
Rf2 Ba5 41. c4 Rc8 42. Rxd2 Bxd2 43. Bxf5 Bxe3 44. Bxc8 {Youngwife resigns} 1-0

[Event "ICS rated standard match"]
[Site "204.178.125.65"]
[Date "2000.08.12"]
[Round "?"]
[White "Youngwife"]
[Black "Hossa"]
[Result "0-1"]
[WhiteElo "2278"]
[BlackElo "2396"]
[PlyCount "116"]
[EventDate "2000.??.??"]

1. e4 Nf6 2. d3 e5 3. Nf3 Nc6 4. Be2 d5 5. Nbd2 dxe4 6. dxe4 Bc5 7. O-O Bg4 8.
c3 O-O 9. b4 Bd6 10. a3 a5 11. Bb2 axb4 12. axb4 Rxa1 13. Qxa1 Bxf3 14. Bxf3
Bxb4 15. cxb4 Qxd2 16. Bxe5 Nxe5 17. Qxe5 Qxb4 18. Qxc7 Nxe4 19. Bxe4 Qxe4 20.
Qb6 f6 21. f3 Qc6 22. Rb1 Qxb6+ 23. Rxb6 Rf7 24. Kf2 Re7 25. h4 Rd7 26. Ke3 h6
27. h5 Kf8 28. g4 Ke8 29. Ke4 Kd8 30. Kf5 Kc7 31. Re6 b6 32. Kg6 b5 33. Re4 Kc6
34. Re8 b4 35. Rg8 b3 36. Rc8+ Rc7 37. Rb8 Rb7 38. Rc8+ Kd5 39. Rc1 Kd4 40. f4
b2 41. Rb1 Kc3 42. Rh1 Rb4 43. Rh3+ Kc4 44. Rh1 Kb3 45. Rh3+ Ka2 46. Rh2 Rxf4
47. Kxg7 Ka3 48. Rh3+ Kb4 49. Rh1 Rxg4+ 50. Kxh6 Kb3 51. Rh3+ Ka2 52. Rh2 f5
53. Kh7 Rg1 54. h6 Ka3 55. Rh3+ Ka4 56. Rh4+ Kb5 57. Kh8 b1=Q 58. h7 Qa1+ {
Youngwife resigns} 0-1

[Event "ICS rated standard match"]
[Site "204.178.125.65"]
[Date "2000.08.12"]
[Round "?"]
[White "Hossa"]
[Black "KampfTrinker"]
[Result "0-1"]
[WhiteElo "2407"]
[BlackElo "2416"]
[PlyCount "112"]
[EventDate "2000.??.??"]

1. d4 Nf6 2. c4 c5 3. d5 b5 4. cxb5 a6 5. b6 Qxb6 6. Nc3 g6 7. Nf3 Bg7 8. e4
O-O 9. Bc4 d6 10. O-O Bg4 11. h3 Bxf3 12. Qxf3 Nbd7 13. Qe2 Rfb8 14. Bb3 Qb4
15. Rb1 Nh5 16. Bg5 Bf6 17. Qd2 c4 18. Bc2 Bxg5 19. Qxg5 Nhf6 20. Qh6 Qc5 21.
Rfd1 Rb4 22. Ba4 Rab8 23. Rd2 Ne5 24. Bc2 Qa5 25. Bd1 Nd3 26. Qe3 Nxb2 27. Qh6
Nd3 28. Rxb4 Qxb4 29. Rc2 Nxe4 30. a3 Qa5 31. Nxe4 Qe1+ 32. Kh2 Qxe4 33. Re2
Qxd5 34. Rxe7 Nxf2 35. Ba4 Nd3 36. Bc2 Ne5 37. a4 c3 38. Qe3 Qd2 39. Qxd2 cxd2
40. a5 Rb2 41. Ba4 Kg7 42. Kg3 Rb1 43. Ra7 Nd3 44. Rxa6 Nc5 45. Rb6 Rxb6 46.
axb6 Nxa4 47. b7 d1=Q 48. b8=Q Nc3 49. Qd8 Ne2+ 50. Kf2 Qd2 51. Kf1 Ng3+ 52.
Kg1 Qd4+ 53. Kh2 Ne2 54. Qb6 Qxb6 55. h4 Qf2 56. h5 Qh4# {Hossa checkmated} 0-1

[Event "ICS Rated standard match"]
[Site "204.178.125.65"]
[Date "2000.08.12"]
[Round "?"]
[White "KampfTrinker"]
[Black "Hossa"]
[Result "1/2-1/2"]
[WhiteElo "2439"]
[BlackElo "2394"]
[PlyCount "134"]
[EventDate "2000.??.??"]

1. e4 Nf6 2. e5 Nd5 3. d4 d6 4. Nf3 Bg4 5. Be2 e6 6. O-O Be7 7. h3 Bf5 8. c4
Nb4 9. Nc3 dxe5 10. dxe5 O-O 11. Qxd8 Rxd8 12. Bg5 Bxg5 13. Nxg5 N8c6 14. f4
Nd4 15. b3 Nbc2 16. Rac1 Nxe2+ 17. Nxe2 Nb4 18. a3 Nc2 19. a4 h6 20. Nf3 g6 21.
Ng3 Bd3 22. Rfd1 Ne3 23. Rd2 Nf5 24. Nxf5 Bxf5 25. Rcd1 Rxd2 26. Rxd2 Be4 27.
Kf2 Bc6 28. Ke3 Rc8 29. b4 Bxa4 30. Ra2 Bb3 31. Rxa7 Bxc4 32. Rxb7 Bd5 33. Rb5
Ra8 34. Ra5 Rb8 35. b5 c6 36. bxc6 Bxc6 37. Ra3 Bd5 38. g3 Rc8 39. Nd4 Rc1 40.
h4 Rg1 41. Ne2 Re1 42. Rc3 Bb7 43. Kf2 Rd1 44. Rc7 Ba6 45. Nc1 h5 46. Nb3 Rf1+
47. Kg2 Rb1 48. Nc5 Bc4 49. Na4 Bd5+ 50. Kf2 Rb4 51. Nc3 Bb7 52. Ke3 Kf8 53.
Kd2 Ba6 54. Ra7 Bb7 55. Ne2 Kg7 56. Kd3 Rb2 57. Nc3 Bf3 58. Ke3 Bb7 59. Na4
Rb3+ 60. Kd4 Ra3 61. Rxb7 Rxa4+ 62. Ke3 Ra3+ 63. Kf2 Ra2+ 64. Kf3 Ra3+ 65. Kg2
Ra2+ 66. Kf3 Ra3+ 67. Kg2 Ra2+ 1/2-1/2

[Event "ICS rated standard match"]
[Site "204.178.125.65"]
[Date "2000.08.12"]
[Round "?"]
[White "Hossa"]
[Black "stevesand"]
[Result "1-0"]
[WhiteElo "2396"]
[BlackElo "2098"]
[PlyCount "65"]
[EventDate "2000.??.??"]

1. d4 Nf6 2. c4 g6 3. Nc3 d5 4. cxd5 Nxd5 5. e4 Nxc3 6. bxc3 Bg7 7. Be3 c5 8.
Nf3 O-O 9. Be2 Nc6 10. O-O Bg4 11. d5 Na5 12. Bxc5 Bxc3 13. Rc1 Bg7 14. h3 Bxf3
15. Bxf3 b6 16. Bd4 e5 17. Bc3 Nc4 18. Bb4 Rc8 19. Bxf8 Bxf8 20. Bg4 Rc7 21.
Qa4 Nd6 22. Rxc7 Qxc7 23. Qc6 Qd8 24. Re1 Qg5 25. Qa4 h5 26. Bf3 a5 27. Qb3 b5
28. Qe3 Qd8 29. Qa7 Nc4 30. Qa6 Nd6 31. Rc1 a4 32. Rc6 Qb8 33. Qb6 {
stevesand resigns} 1-0

[Event "ICS rated standard match"]
[Site "204.178.125.65"]
[Date "2000.08.12"]
[Round "?"]
[White "Esen"]
[Black "Hossa"]
[Result "0-1"]
[WhiteElo "1945"]
[BlackElo "2401"]
[PlyCount "31"]
[EventDate "2000.??.??"]

1. d4 Nf6 2. Bg5 e6 3. f4 h6 4. Bxf6 Qxf6 5. e3 c5 6. c3 d5 7. Nf3 cxd4 8. cxd4
Nc6 9. a3 g5 10. g3 gxf4 11. gxf4 Rg8 12. Nc3 Bd7 13. Qc2 Rc8 14. Bd3 Bd6 15.
O-O-O Bxf4 16. exf4 {Esen resigns} 0-1

[Event "ICS rated standard match"]
[Site "204.178.125.65"]
[Date "2000.08.12"]
[Round "?"]
[White "Hossa"]
[Black "Esen"]
[Result "1-0"]
[WhiteElo "2403"]
[BlackElo "1943"]
[PlyCount "151"]
[EventDate "2000.??.??"]

1. c4 Nf6 2. Nf3 e6 3. Nc3 Bb4 4. Qc2 Bxc3 5. bxc3 b6 6. e4 d6 7. d4 Bb7 8. Bd3
Nfd7 9. O-O e5 10. Bg5 f6 11. Be3 Nc6 12. Qd1 O-O 13. Nh4 Ne7 14. Qh5 Qe8 15.
Qg4 Bc8 16. Qe2 Ng6 17. Nf5 Ne7 18. Ng3 c5 19. Rfd1 Bb7 20. Bc2 Nb8 21. f4 Nbc6
22. d5 Na5 23. Bd3 Ba6 24. fxe5 fxe5 25. Bg5 h6 26. Bxe7 Qxe7 27. Nf5 Qc7 28.
Rf1 Rad8 29. Nh4 Rxf1+ 30. Rxf1 Rf8 31. Rxf8+ Kxf8 32. Nf5 Bc8 33. Qf3 Bxf5 34.
Qxf5+ Qf7 35. Qc8+ Qe8 36. Qc7 Qe7 37. Qb8+ Kf7 38. Be2 g6 39. g4 Kg7 40. h3 g5
41. Qc8 Kh7 42. Kg2 Kg7 43. Qb8 Kh7 44. Bf1 Kg7 45. Qc8 Kh7 46. Bd3 Kg7 47. Kf2
Qf8+ 48. Qf5 Qxf5+ 49. gxf5 Nb7 50. Be2 Nd8 51. Bh5 Nb7 52. Ke2 Na5 53. Kd3 Kf6
54. Bg4 Ke7 55. Bd1 Kf6 56. Bf3 Kf7 57. Be2 Kf6 58. Kd2 Kf7 59. Ke3 Kf6 60. Kf2
Kf7 61. Kf3 h5 62. Ke3 h4 63. Kf3 Kf6 64. Kg4 Nb7 65. Bd1 Nd8 66. Ba4 Nf7 67.
Be8 Nh6+ 68. Kh5 Ng8 69. Ba4 Ne7 70. Bd7 Ng8 71. Be6 Nh6 72. Kxh6 g4 73. hxg4
h3 74. g5+ Ke7 75. f6+ Kd8 76. Bxh3 {Esen resigns} 1-0

[Event "ICS rated standard match"]
[Site "204.178.125.65"]
[Date "2000.08.12"]
[Round "?"]
[White "stevesand"]
[Black "Hossa"]
[Result "0-1"]
[WhiteElo "2093"]
[BlackElo "2405"]
[PlyCount "52"]
[EventDate "2000.??.??"]

1. d4 d5 2. Nf3 Nf6 3. g3 e6 4. Bg2 c5 5. O-O cxd4 6. Nxd4 Nc6 7. c4 Be7 8. Nc3
Nxd4 9. Qxd4 dxc4 10. Qxc4 O-O 11. Rd1 Qb6 12. Be3 Qxb2 13. Rab1 Qc2 14. Rd2
Qf5 15. Rdb2 Ng4 16. Bd4 e5 17. Be3 Qh5 18. h3 Nxe3 19. fxe3 Bxh3 20. Bxb7 Rad8
21. Bf3 Qg5 22. Kf2 Rc8 23. Qb3 Be6 24. Nd5 e4 25. Bxe4 Bd6 26. Rg1 Rb8 {
stevesand resigns} 0-1

[Event "ICS rated standard match"]
[Site "204.178.125.65"]
[Date "2000.08.12"]
[Round "?"]
[White "Hossa"]
[Black "stevesand"]
[Result "1-0"]
[WhiteElo "2410"]
[BlackElo "2088"]
[PlyCount "75"]
[EventDate "2000.??.??"]

1. d4 Nf6 2. Nf3 g6 3. Nc3 d5 4. Bf4 Bg7 5. e3 O-O 6. Be2 b6 7. O-O Bb7 8. Qd2
Nbd7 9. Bb5 c6 10. Bd3 c5 11. Bb5 a6 12. Bd3 Ne4 13. Bxe4 dxe4 14. Ng5 Nf6 15.
Be5 Re8 16. f3 exf3 17. Nxf3 cxd4 18. exd4 Rc8 19. a4 Qd7 20. a5 b5 21. Qe2 Qc6
22. Ne1 Qc4 23. Nd3 Nd5 24. Bxg7 Nxc3 25. bxc3 Kxg7 26. Ra3 Rc6 27. Qe3 f6 28.
Nc5 e5 29. Nxb7 Rce6 30. dxe5 Rxe5 31. Qa7 R8e7 32. Raa1 Qc7 33. Qxa6 Qxb7 34.
Qxf6+ Kh6 35. a6 Qa7+ 36. Kh1 Rh5 37. Qf4+ Kg7 38. Qf8# 1-0

[Event "ICS rated standard match"]
[Site "204.178.125.65"]
[Date "2000.08.12"]
[Round "?"]
[White "stevesand"]
[Black "Hossa"]
[Result "1/2-1/2"]
[WhiteElo "2084"]
[BlackElo "2414"]
[PlyCount "156"]
[EventDate "2000.??.??"]

1. d4 d5 2. Nf3 Nf6 3. g3 e6 4. Bg2 c5 5. O-O cxd4 6. Nxd4 Nc6 7. c4 Be7 8. Nc3
Nxd4 9. Qxd4 dxc4 10. Qxc4 O-O 11. Rd1 Qb6 12. Na4 Qa5 13. Bd2 Qh5 14. Nc3 Ng4
15. h3 Ne5 16. Qb3 Ng6 17. Nb5 Qxe2 18. Be3 Rb8 19. Bxa7 Ra8 20. Bb6 Qe5 21.
Rac1 Rxa2 22. Qxa2 Qxb5 23. Be3 e5 24. Bf1 Qe8 25. Qb3 Bf6 26. Bb5 Be6 27. Qa4
Qb8 28. Kg2 b6 29. Qa6 e4 30. Rd2 Bd8 31. Qa4 Qe5 32. Be2 Qf5 33. Bg4 Qe5 34.
Qd4 Bxg4 35. hxg4 Qe7 36. Rc4 Ne5 37. Qxe4 Nxc4 38. Qxc4 Qb7+ 39. Qd5 Qb8 40.
b4 Be7 41. b5 Bb4 42. Rd3 Rc8 43. g5 Bf8 44. Rd1 Rc2 45. Rh1 Rc7 46. Qe4 Qb7
47. Qxb7 Rxb7 48. Rc1 g6 49. Rc6 Bc5 50. Bxc5 bxc5 51. Rxc5 Rb8 52. Kf3 Kf8 53.
Ke4 Rb6 54. Kd5 Ke8 55. Kc4 Kd7 56. Rd5+ Kc7 57. Kc5 Re6 58. f4 Re3 59. b6+ Kc8
60. Kc6 Rc3+ 61. Rc5 Rxg3 62. Re5 Rc3+ 63. Kd6 Kb7 64. Ke7 Kxb6 65. Kxf7 Rc4
66. f5 gxf5 67. Rxf5 Rh4 68. Kg7 Kc7 69. Rf8 Rg4 70. Kh6 Rh4+ 71. Kg7 Rg4 72.
Kf6 Rf4+ 73. Kg7 Rg4 74. Kh6 Rh4+ 75. Kg7 Rg4 76. Kh6 Rh4+ 77. Kg7 Rg4 78. Kh6
Rh4+ 1/2-1/2

[Event "ICS rated standard match"]
[Site "204.178.125.65"]
[Date "2000.08.13"]
[Round "?"]
[White "Hossa"]
[Black "stevesand"]
[Result "0-1"]
[WhiteElo "2402"]
[BlackElo "2096"]
[PlyCount "140"]
[EventDate "2000.??.??"]

1. d4 Nf6 2. c4 g6 3. Nc3 d5 4. cxd5 Nxd5 5. e4 Nxc3 6. bxc3 Bg7 7. Be3 c5 8.
Nf3 Nc6 9. Bb5 O-O 10. O-O cxd4 11. cxd4 Bg4 12. Bxc6 bxc6 13. h3 Bxf3 14. Qxf3
Bxd4 15. Rad1 c5 16. Bh6 Re8 17. Rb1 Rb8 18. Rb3 c4 19. Rbb1 Rxb1 20. Rxb1 c3
21. Rd1 Qb6 22. Rf1 Qf6 23. Qg3 Qe6 24. Qd3 Qf6 25. Qg3 Rc8 26. Qg4 Qc6 27. Rd1
e5 28. Bc1 Rb8 29. Re1 c2 30. Qg5 Qc5 31. Rf1 Bb2 32. Be3 Qd6 33. Bxa7 Ra8 34.
Be3 Rxa2 35. g4 Ra1 36. Rxa1 Bxa1 37. Bc1 Qd1+ 38. Kg2 Qd4 39. Qf6 Qxe4+ 40.
Qf3 Qxf3+ 41. Kxf3 f5 42. gxf5 gxf5 43. Kg2 Kf7 44. Kf1 Bc3 45. Ke2 e4 46. Ke3
Ke6 47. h4 h5 48. f3 exf3 49. Kxf3 Bf6 50. Ke3 Bxh4 51. Kd3 Ke5 52. Kxc2 Ke4
53. Ba3 Kf3 54. Kd3 f4 55. Bd6 Bg3 56. Kd4 h4 57. Ke5 h3 58. Kf5 h2 59. Bf8
h1=Q 60. Ke6 Qd1 61. Bh6 Kg4 62. Bf8 f3 63. Bc5 Qb3+ 64. Kd7 Qd5+ 65. Ke7 Qxc5+
66. Ke6 Qd6+ 67. Kf7 Be5 68. Ke8 Qc7 69. Kf8 Qd7 70. Kg8 Qg7# {Hossa checkmated
} 0-1

[Event "ICS rated standard match"]
[Site "204.178.125.65"]
[Date "2000.08.13"]
[Round "?"]
[White "Interceptor"]
[Black "Hossa"]
[Result "1-0"]
[WhiteElo "2542"]
[BlackElo "2375"]
[PlyCount "115"]
[EventDate "2000.??.??"]

1. e4 g6 2. d4 Bg7 3. Nc3 d6 4. f4 Nc6 5. Be3 Nf6 6. Nf3 e6 7. e5 Ng4 8. Bd2
O-O 9. Bd3 dxe5 10. dxe5 f6 11. h3 Nh6 12. exf6 Bxf6 13. Qe2 Nb4 14. Be4 Nf5
15. Bxf5 gxf5 16. O-O-O Bxc3 17. bxc3 Qf6 18. Ne5 Nc6 19. c4 a5 20. Bc3 Rd8 21.
Rxd8+ Nxd8 22. g4 Qe7 23. gxf5 exf5 24. Rg1+ Kf8 25. Nd7+ Qxd7 26. Qe5 Ra6 27.
Qh8+ Ke7 28. Qg7+ Nf7 29. Re1+ Kd6 30. Rd1+ Ke7 31. Rxd7+ Bxd7 32. Qxh7 Rh6 33.
Qg7 Rxh3 34. Bf6+ Ke6 35. Bg5 Nxg5 36. fxg5 Rh1+ 37. Kb2 Kd6 38. Qd4+ Ke7 39.
Qf6+ Ke8 40. g6 Rg1 41. Qf7+ Kd8 42. Qf8+ Be8 43. Qf6+ Kc8 44. Qh8 b6 45. Qxe8+
Kb7 46. Qf7 a4 47. g7 Rg3 48. g8=Q a3+ 49. Kc1 Rxg8 50. Qxg8 f4 51. Qd5+ Ka7
52. c5 Ka6 53. Qc6 Ka5 54. cxb6 Ka6 55. bxc7+ Ka5 56. c8=Q f3 57. Qd5+ Ka4 58.
Qg4# {Hossa checkmated} 1-0

[Event "ICS rated standard match"]
[Site "204.178.125.65"]
[Date "2000.08.13"]
[Round "?"]
[White "Hossa"]
[Black "Mungo"]
[Result "0-1"]
[WhiteElo "2366"]
[BlackElo "2624"]
[PlyCount "120"]
[EventDate "2000.??.??"]

1. d4 d5 2. c4 e6 3. Nc3 Nf6 4. Bg5 Be7 5. Nf3 h6 6. Bxf6 Bxf6 7. e4 dxe4 8.
Nxe4 Be7 9. Be2 b6 10. Ne5 Bb7 11. Bf3 c6 12. Nc3 Qc7 13. Bh5 O-O 14. Bxf7+
Rxf7 15. Nxf7 Kxf7 16. Qh5+ Kg8 17. Qg6 Qd7 18. O-O-O Na6 19. Kb1 Nc7 20. Ne2
b5 21. c5 Qd5 22. g4 Rf8 23. f4 Qf3 24. Rhe1 Bh4 25. Ng3 Rxf4 26. Rf1 Qxg4 27.
Qd3 Nd5 28. Ka1 a5 29. Ne2 Rxf1 30. Rxf1 Bf6 31. Rf2 e5 32. dxe5 Bxe5 33. Qd1
a4 34. Qf1 a3 35. Rf8+ Kh7 36. Qf5+ Qxf5 37. Rxf5 Bxb2+ 38. Kb1 Ba6 39. Rf2 b4
40. Kc2 Ne3+ 41. Kb3 Bc4+ 42. Kxb4 Bxa2 43. Ka4 Nc2 44. Nf4 Bc4 45. Rxc2 a2 46.
Rxc4 a1=Q+ 47. Kb3 Qb1 48. Rc3 Bxc3+ 49. Kxc3 Qc1+ 50. Kd3 Qxf4 51. h3 Qf5+ 52.
Kd4 g5 53. Kc4 Qxh3 54. Kd4 g4 55. Ke4 g3 56. Ke5 Qd7 57. Ke4 g2 58. Ke5 g1=Q
59. Kf4 Qdd4+ 60. Kf3 Qde3# {Hossa checkmated} 0-1